000 01301nam0a2200277 4500
001 RU\NLR\BIBL_A\012482307
005 20260406205842.0
021 _aRU
_b87-12915
035 _a(NLR Aleph) 012482307
090 _a12136810
_c12136810
100 _a20210323d1986 |||y0rusy50 ca
101 0 _arus
102 _aRU
105 _aa z 000 y
181 0 _ai
_baxxe
182 0 _an
200 1 _aПовышение эффективности производства на открытых горных работах
_eсборник научных трудов
_fГосударственный научно-исследовательский, проектно-конструкторский и проектный институт угольной промышленности
203 _aТекст
_bвизуальный
_cнепосредственный
210 _aКиев
_cУкрниипроект
_d1986
215 _a96, [1] с.
_cил.
_d21
712 0 2 _aНаучно-исследовательский и проектный институт угольной промышленности
_cКиев
_3RU\NLR\AUTH\889966541
_9429436
852 _aNLR
_j87-4/2222
942 _cBOOK
980 _aNB